| 000 | 00574nam a2200181 4500 | ||
|---|---|---|---|
| 001 | 149118 | ||
| 003 | ES-MaACL | ||
| 005 | 20260201063015.0 | ||
| 007 | t| | ||
| 008 | 070214s1943 ag r ||||1| spa d | ||
| 100 | 0 |
_aSymonds, John Addington, _d1840-1893 _9108971 |
|
| 245 | 1 | 0 |
_aVida de Miguel Angel / _cJohn Addington Symonds ; traducción de C. A. Jordana. |
| 260 |
_aBuenos Aires : _bEd. Sudamericana, _c1943. |
||
| 300 |
_a578 p. ; _c22 cm. |
||
| 700 | 1 |
_aJordana, César-August. _966928 |
|
| 852 |
_aES-MaACL _jF-16277 _bR.21261 |
||
| 999 |
_c149118 _d149118 |
||